000
00303nam a2200121Ia 4500
999
_c
7935
_d
7935
003
OSt
008
201104b ||||| |||| 00| 0 eng d
100
_a
BAYROSS,Ivan.
245
_a
HTML Java Script DHTML and PHP
260
_a
New Delhi
_b
BPB Publication
_c
2013
300
_a
539+10.
942
_2
ddc
_c
BK
_0
12